| 000 | 00738nam a2200205Ia 4500 | ||
|---|---|---|---|
| 999 |
_c54572 _d54572 |
||
| 003 | GCL | ||
| 005 | 20240530105259.0 | ||
| 008 | 140319s1990 ua b 000 0 ara d | ||
| 040 |
_aGCL / _cGCL |
||
| 082 | 0 | 4 |
_a254/ _bأ ف |
| 100 | 1 | _aالسيد احمد فرج | |
| 245 | 1 | 2 |
_aالفرقة بين الزوجين واحكامها فى مذهب اهل السنه / _cالسيد احمد فرج |
| 260 |
_aالمنصورة : _bدار الوفاء للطباعة والنشر والتوزيع، _c1990. |
||
| 300 |
_a391 ص؛ _c24 سم. |
||
| 650 | 0 | 4 | _aالاسلام والمجتمع |
| 650 | 0 | 4 | _aالشريعة الاسلامية |
| 650 | 0 | 4 | _aالفقه الاسلامى |
| 650 | 0 | 4 | _aالسنة النبوية |
| 942 |
_2ddc _cBK |
||